| 000 | 01512nam a2200301 i 4500 | ||
|---|---|---|---|
| 003 | DO-SdBNP | ||
| 005 | 20240517093633.0 | ||
| 006 | a||||gr|||| 00| 0 | ||
| 007 | ta | ||
| 008 | 240516e1998 dr a|||| |||| 00| j spa d | ||
| 040 |
_aDO-SdBNP _bspa _cBNPHU _erda |
||
| 082 | 4 |
_222 _bQ7c |
|
| 245 | 0 | 0 |
_a5to. concurso de cuentos Radio Santa María 1997 / _cGráfica, Homero Herrera, Martha de Olloquí y Alexandra Álvarez; diseño y cuidad de edición, Carlos Fernández-Rocha; presentación, P. José Somoza |
| 246 | 0 | 3 | _aAntología - quinto concurso de cuentos 1997 Radio Santa María. |
| 264 | 1 |
_aSanto Domingo : _bAmigo del Hogar, _c1998. |
|
| 300 |
_a107 páginas : _bilustraciones ; _c22 cm. |
||
| 336 |
_2rdacontent _atexto _btxt |
||
| 337 |
_2rdamedia _asin mediación _bn |
||
| 338 |
_2rdacarrier _avolumen _bnc |
||
| 505 |
_aI Cuentos Premiados: _tPor el treyecto de la madrugada.-- Delirium.-- La Mudanza.-- El Círculo Infinito.-- El último recodo de la luz. _gII Menciones: _tEl Recuerdo de Asdrúbal.-- Pasión de la Noche.-- 24 de diciembre.-- La Carta.-- Donde pueda, chofer. _gIII Anexos: _t"La experiencia del Concurso de Cuentos de Radio Santa María".-- Acta Única. |
||
| 590 | _aInventariado 2024 / MF | ||
| 700 | 1 |
_aHerrera, Homero, _928003 _eilustrador, |
|
| 700 | 1 |
_aOlloquí, Martha, _eilustrador _985491 |
|
| 700 |
_aAlvarez, Alexandra, _d1946- _927926 _eilustrador |
||
| 700 | 1 |
_aFernández-Rocha, Carlos, _96526 _eeditor |
|
| 700 | 1 |
_aSomoza, P. José, _eprólogo _985492 |
|
| 942 |
_2ddc _cLBS1 |
||
| 999 |
_c56681 _d56681 |
||